|
|
|
|
| LEADER |
00000naa2a2200000 4500 |
| 001 |
606653 |
| 005 |
20260303163958.0 |
| 035 |
|
|
|a (RuTPU)RU\TPU\conf\4032
|
| 035 |
|
|
|a RU\TPU\conf\4031
|
| 090 |
|
|
|a 606653
|
| 100 |
|
|
|a 20140605d2014 k y0rusy50 ca
|
| 101 |
0 |
|
|a rus
|
| 102 |
|
|
|a RU
|
| 135 |
|
|
|a drgn ---uucaa
|
| 181 |
|
0 |
|a i
|
| 182 |
|
0 |
|a b
|
| 200 |
1 |
|
|a Методы расчета характеристик поляризационного излучения
|f Е. В. Корноухова
|g науч. рук. Д. А. Шкитов
|
| 203 |
|
|
|a Текст
|c электронный
|
| 225 |
1 |
|
|a Основные теоретико-методологические и прикладные направления развития естественных наук: физики, химии, математики
|
| 300 |
|
|
|a Заглавие с титульного экрана
|
| 320 |
|
|
|a [Библиогр.: с. 258 (3 назв.)]
|
| 337 |
|
|
|a Adobe Reader
|
| 463 |
|
1 |
|0 (RuTPU)RU\TPU\conf\3591
|t Ресурсоэффективным технологиям - энергию и энтузиазм молодых
|o Сборник научных трудов V Всероссийской конференции студентов элитного технического образования, г. Томск, 25 -27 марта 2014 г.
|f Национальный исследовательский Томский политехнический университет (ТПУ)
|v [С. 256-258]
|d 2014
|
| 610 |
1 |
|
|a труды учёных ТПУ
|
| 610 |
1 |
|
|a электронный ресурс
|
| 610 |
1 |
|
|a расчеты
|
| 610 |
1 |
|
|a характеристики
|
| 610 |
1 |
|
|a поляризационное излучение
|
| 700 |
|
1 |
|a Корноухова
|b Е. В.
|
| 702 |
|
1 |
|a Шкитов
|b Д. А.
|c физик
|c инженер-проектировщик Томского политехнического университета
|f 1985-
|g Дмитрий Андреевич
|4 727
|
| 712 |
0 |
2 |
|a Национальный исследовательский Томский политехнический университет (ТПУ)
|b Физико-технический институт (ФТИ)
|b Кафедра прикладной физики (№ 12) (ПФ)
|3 (RuTPU)RU\TPU\col\18729
|
| 801 |
|
2 |
|a RU
|b 63413507
|c 20210709
|g RCR
|
| 856 |
4 |
|
|u http://earchive.tpu.ru/handle/11683/66094
|
| 856 |
4 |
|
|u http://www.lib.tpu.ru/fulltext/c/2014/C08/109.pdf
|
| 942 |
|
|
|c CF
|